<?xml version="1.0" encoding="UTF-8"?>
<collection xmlns="http://www.loc.gov/MARC21/slim">
<record>
  <controlfield tag="001">169978</controlfield>
  <controlfield tag="005">20260316092629.0</controlfield>
  <datafield tag="024" ind1="7" ind2=" ">
    <subfield code="2">doi</subfield>
    <subfield code="a">10.1002/ldr.70453</subfield>
  </datafield>
  <datafield tag="024" ind1="8" ind2=" ">
    <subfield code="2">sideral</subfield>
    <subfield code="a">148550</subfield>
  </datafield>
  <datafield tag="037" ind1=" " ind2=" ">
    <subfield code="a">ART-2026-148550</subfield>
  </datafield>
  <datafield tag="041" ind1=" " ind2=" ">
    <subfield code="a">eng</subfield>
  </datafield>
  <datafield tag="100" ind1=" " ind2=" ">
    <subfield code="a">Cheng, Zhen</subfield>
  </datafield>
  <datafield tag="245" ind1=" " ind2=" ">
    <subfield code="a">Fresh straw clippings as organic soil amendments quickly recovered soil quality of farmland by improving soil structure and soil hydraulic properties</subfield>
  </datafield>
  <datafield tag="260" ind1=" " ind2=" ">
    <subfield code="c">2026</subfield>
  </datafield>
  <datafield tag="520" ind1="3" ind2=" ">
    <subfield code="a">Intensive agriculture threatens soil quality globally, especially in semiarid regions. Organic matter inputs are recognized as effective strategies in improving soil quality quickly; however, it is unclear whether the fresh plant organic matter inputs more effectively improve soil quality compared with the traditional dried plant inputs. Here, a 2‐year field study was conducted to quantitatively evaluate the effects of fresh and dried maize straw clipping amendments (incorporated in the first 30 cm of the soil) on soil quality in a semiarid agroecosystem. We found that both fresh and dried plant clippings amendments improved soil physical properties compared with the non‐amended soil. Specifically, fresh and dried plant clippings amendments reduced fractal dimension (2.75% vs. 1.88%), while increasing total porosity (14.82% vs. 15.27%), mean weight diameter (65.38% vs. 14.03%), and geometric mean diameter (24.46% vs. 11.42%) at 0–30 cm soil depth compared with non‐amended soil. These structural improvements enhanced the soil water holding capacity. Furthermore, the enhancement of the soil quality index achieved with fresh plant clipping amendments (30.51%) surpassed that of dried amendments (25.46%). Random forest analysis further revealed that soil water‐holding capacity and porosity were the primary contributors to the soil quality index, whereas aggregate stability had a comparatively lower influence. Our results demonstrate that amending soil with fresh plant clippings is a more effective strategy than dried residues for rapidly improving soil structure, porosity, aggregate stability, and water retention in the short term. These findings highlight the potential of utilizing fresh plant materials to improve soil quality and support sustainable agriculture in semi‐arid regions.</subfield>
  </datafield>
  <datafield tag="506" ind1="0" ind2=" ">
    <subfield code="a">Access copy available to the general public</subfield>
    <subfield code="f">Unrestricted</subfield>
  </datafield>
  <datafield tag="540" ind1=" " ind2=" ">
    <subfield code="9">info:eu-repo/semantics/embargoedAccess</subfield>
    <subfield code="a">by-nc</subfield>
    <subfield code="u">https://creativecommons.org/licenses/by-nc/4.0/deed.es</subfield>
  </datafield>
  <datafield tag="655" ind1=" " ind2="4">
    <subfield code="a">info:eu-repo/semantics/article</subfield>
    <subfield code="v">info:eu-repo/semantics/acceptedVersion</subfield>
  </datafield>
  <datafield tag="700" ind1=" " ind2=" ">
    <subfield code="a">Meng, Lingchao</subfield>
  </datafield>
  <datafield tag="700" ind1=" " ind2=" ">
    <subfield code="a">Pinos, Juan</subfield>
  </datafield>
  <datafield tag="700" ind1=" " ind2=" ">
    <subfield code="a">López-Vicente, Manuel</subfield>
    <subfield code="u">Universidad de Zaragoza</subfield>
    <subfield code="0">(orcid)0000-0002-6379-8844</subfield>
  </datafield>
  <datafield tag="700" ind1=" " ind2=" ">
    <subfield code="a">Qiao, Jiangbo</subfield>
  </datafield>
  <datafield tag="700" ind1=" " ind2=" ">
    <subfield code="a">Xie, Yingge</subfield>
  </datafield>
  <datafield tag="700" ind1=" " ind2=" ">
    <subfield code="a">Wu, Gao-Lin</subfield>
  </datafield>
  <datafield tag="710" ind1="2" ind2=" ">
    <subfield code="1">5011</subfield>
    <subfield code="2">240</subfield>
    <subfield code="a">Universidad de Zaragoza</subfield>
    <subfield code="b">Dpto. CC.Agrar.y Medio Natural</subfield>
    <subfield code="c">Área Edafología y Quím.Agríco.</subfield>
  </datafield>
  <datafield tag="773" ind1=" " ind2=" ">
    <subfield code="g">(2026), [12 pp.]</subfield>
    <subfield code="p">Land degrad. dev.</subfield>
    <subfield code="t">LAND DEGRADATION &amp; DEVELOPMENT</subfield>
    <subfield code="x">1085-3278</subfield>
  </datafield>
  <datafield tag="856" ind1="4" ind2=" ">
    <subfield code="s">1883979</subfield>
    <subfield code="u">http://zaguan.unizar.es/record/169978/files/texto_completo.pdf</subfield>
    <subfield code="y">Postprint</subfield>
    <subfield code="z">info:eu-repo/date/embargoEnd/2027-03-21</subfield>
  </datafield>
  <datafield tag="856" ind1="4" ind2=" ">
    <subfield code="s">2109672</subfield>
    <subfield code="u">http://zaguan.unizar.es/record/169978/files/texto_completo.jpg?subformat=icon</subfield>
    <subfield code="x">icon</subfield>
    <subfield code="y">Postprint</subfield>
    <subfield code="z">info:eu-repo/date/embargoEnd/2027-03-21</subfield>
  </datafield>
  <datafield tag="909" ind1="C" ind2="O">
    <subfield code="o">oai:zaguan.unizar.es:169978</subfield>
    <subfield code="p">articulos</subfield>
    <subfield code="p">driver</subfield>
  </datafield>
  <datafield tag="951" ind1=" " ind2=" ">
    <subfield code="a">2026-03-16-08:16:08</subfield>
  </datafield>
  <datafield tag="980" ind1=" " ind2=" ">
    <subfield code="a">ARTICLE</subfield>
  </datafield>
</record>
</collection>